MARC

LEADER 00000nam0a2200000 4500
001 277735
005 20231101235038.0
035 |a (RuTPU)RU\TPU\book\301012 
035 |a RU\TPU\book\279166 
090 |a 277735 
100 |a 20140409d1985 k y0rusy5003 ca 
101 0 |a rus 
102 |a RU 
105 |a a z 001zy 
200 1 |a Повышение эффективности использования машин в строительстве  |e межвузовский тематический сборник трудов  |f Ленинградский инженерно-строительный институт (ЛИСИ) ; отв. ред. Н. Г. Гаркави 
210 |a Ленинград  |c Изд-во ЛИСИ  |d 1985 
215 |a 141 с.  |c ил. 
225 1 |a Межвузовский тематический сборник трудов ЛИСИ  |x 0203-9192 
320 |a Библиогр. в конце ст. 
606 1 |a Строительные машины  |x Использование  |2 stltpush  |3 (RuTPU)RU\TPU\subj\57587  |9 75445 
610 1 |a строительство 
610 1 |a дорожные машины 
610 1 |a эксплуатация 
610 1 |a проектирование 
610 1 |a рабочие процессы 
610 1 |a заглаживающие машины 
610 1 |a сварные сетки 
610 1 |a автоматизация 
610 1 |a вибротранспортирование 
610 1 |a сыпучие продукты 
610 1 |a ударные нагрузки 
610 1 |a одноковшовые погрузчики 
610 1 |a вибрационные устройства 
610 1 |a штукатурные работы 
675 |a 69.002.5.004.14  |v 4 
702 1 |a Гаркави  |b Н. Г.  |4 340 
712 0 2 |a Ленинградский инженерно-строительный институт (ЛИСИ)  |c (1941-1992)  |2 stltpush  |3 (RuTPU)RU\TPU\col\7808 
801 0 |a RU  |b RuMRKP  |c 19950704  |g psbo 
801 1 |a RU  |b 63413507  |c 20141205 
801 2 |a RU  |b 63413507  |c 20231010  |g RCR 
942 |c BK